Obchodník měsíčník Hospodářských novin

Na minha lista:
Detalhes bibliográficos
Formato: Periódico
Idioma:tcheco
Publicado em: Praha Economia 2001
Assuntos:
Tags: Adicionar Tag
Sem tags, seja o primeiro a adicionar uma tag!

MARC

LEADER 00000nas2a22000001 4500
001 0007093
005 20230217123928.4
022 |a 1210-6178 
041 0 |a cze 
044 |a CZ 
245 1 0 |a Obchodník  |b měsíčník Hospodářských novin 
264 1 |a Praha  |b Economia  |c 2001 
300 |a 1 zv. 
500 |a chýba č. 3, 4 
773 0 |w eu_un_cat*s120073 
610 2 0 |a obchod 
610 2 0 |a predaj 
610 2 0 |a marketing 
610 2 0 |a logistika 
610 2 0 |a financie